000 01972cam a22003251ia4500
003 SA-RiAUC
005 20250420104752.0
008 241221s1995 qa g f000 0 ara c
020 _a9992123192
040 _aSA-JeALM
_bara
_cSA-RiAUC
_erda
082 0 4 _a235.2
_qSA-RiAUC
090 _a235.2
_b ص د ي
100 1 _aصديق حسن خان، محمد صديق بن حسن بن علي،
_d1248-1307 هجري
_eمؤلف.
245 1 2 _aالسراج الوهاج من كشف مطالب صحيح مسلم بن الحجاج /
_cتأليف أبي الطيب صديق بن حسن خان الحسيني القنوجي البخاري ؛ حققه عبد الله بن إبراهيم الأنصاري، فضيلة الشيخ عبد التواب هيكل.
264 1 _aالدوحة :
_bوزارة الأوقاف والشؤون الإسلامية،
_c1997
300 _a11 مجلدات ؛
_c24 سم
336 _aنص
_btxt
_2rdacontent
_3كتاب
337 _aبدون وسيط
_bn
_2rdamedia
338 _aمجلد
_bnc
_2rdacarrier
500 _aوهو شرح على ملخص صحيح مسلم / للحافظ المنذري.
650 7 _aصحيح مسلم
_xشرح
_2aucsh
650 7 _aالحديث
_xشرح
_2aucsh
650 7 _aالحديث
_xالإسناد الصحيح
_2aucsh
700 1 _aالأنصاري، عبد الله بن إبراهيم،
_d1333-1410 هجري
_eمحقق.
700 1 _aهيكل، عبد التواب
_eمحقق.
700 1 2 _iمختصر لـ (عمل) :
_aالإمام مسلم، مسلم بن الحجاج بن مسلم،
_d204-261 هجري.
_tالمسند الصحيح المختصر من السنن بنقل العدل عن العدل عن رسول الله صلى الله عليه وسلم.
700 1 2 _iشرح لـ (عمل) :
_aالمنذري، عبد العظيم بن عبد القوي بن عبد الله،
_d581-656 هجري.
_tمختصر صحيح مسلم.
942 _2ddc
_cBOOK
_n0
949 _aSA-JeALM
_d241221
_umohamedma123
_n1
999 _c7220
_d7220